[Event "WYCC 2018 O16"]
[Site "Halkidiki"]
[Date "2018.10.21"]
[Round "2"]
[White "Hafstad, Leif"]
[Black "Mis, Mieszko"]
[Result "0-1"]
[WhiteElo "1928"]
[BlackElo "2307"]
[Annotator "TA"]
[PlyCount "56"]
[EventDate "2018.10.20"]
[EventType "swiss"]
[EventCountry "GRE"]
[SourceTitle "playchess.com"]
[Source "ChessBase"]
[SourceQuality "1"]

{[%evp 19,56,-4,-21,-29,-16,-79,-56,-52,-48,-56,-33,-89,-84,-144,-75,-111,-97,-128,-74,-72,-72,-73,-82,-70,-69,-70,-73,-71,-79,-54,-65,-86,-90,-93,-80,-121,-100,-151,-106]} 1. e4 g6 2. d4 Bg7 3. Nc3 d6 4. Be3 a6 5. Qd2 b5 6. h4 {B06: Modern Defence} Nf6 7. f3 h5 8. Nh3 Bxh3 9. Rxh3 Nbd7 10. a4 c6 {LiveBook: 7 Games} 11. Bf4 $146 ({Predecessor:} 11. Rh1 Rb8 12. axb5 axb5 13. Kf2 b4 {0-1 (31) Agopov,M (2452)-Saric,I (2652) Reykjavik 2015}) 11... O-O 12. Bh6 (12. Kf2 $11 {keeps the balance.}) 12... e5 13. Bxg7 Kxg7 14. O-O-O Qa5 15. b3 (15. g4 $15) 15... Rab8 $17 16. f4 (16. dxe5 $142 dxe5 17. Na2 Qxd2+ 18. Rxd2) 16... bxa4 (16... Qb4 $142 {Hoping for ...bxa4.} 17. dxe5 dxe5) 17. Nxa4 Qxd2+ 18. Rxd2 Nxe4 (18... exf4 $142 19. Nc3 Rfe8) 19. Re2 f5 {[%cal Bf7f5,Bf5e4][%mdl 32]} 20. dxe5 dxe5 21. fxe5 Nxe5 {[#]} 22. Nc5 $1 {[%mdl 512] Threatening Ne6+.} Rbe8 (22... Nxc5 23. Rxe5) 23. Nxe4 fxe4 24. Re1 a5 $36 {[%mdl 2048] Black has good play.} 25. Be2 Rf2 26. Rg3 Kh6 27. Bd1 Nd7 28. Rc3 (28. Rge3 $142) 28... Re6 {Precision: White = 36%, Black = 71%.} 0-1

[Event "WYCC 2018 O16"]
[Site "Halkidiki"]
[Date "2018.10.21"]
[Round "2"]
[White "Carroll, Peter"]
[Black "O'Donnell, Tom"]
[Result "0-1"]
[WhiteElo "1917"]
[BlackElo "2332"]
[Annotator "TA"]
[PlyCount "105"]
[EventDate "2018.10.20"]
[EventType "swiss"]
[EventCountry "GRE"]
[SourceTitle "playchess.com"]
[Source "ChessBase"]
[SourceQuality "1"]

{[%evp 18,105,77,3,121,118,107,120,111,97,87,101,124,120,116,111,111,111,106,43,70,0,94,87,79,29,75,77,49,16,85,102,102,76,168,33,48,43,31,26,19,23,39,0,14,-23,-22,-31,13,0,0,-172,-182,-166,-176,-213,-211,-229,-221,-232,-235,-298,-306,-555,-555,-539,-464,-444,-385,-681,-665,-629,-592,-529,-515,-1080,-943,-29973,-10927,-29982,-29983,-29983,-29984,-29984,-29985,-29985,-29986,-29985,-29987,-29995]} 1. e4 c5 2. Nf3 d6 3. d4 cxd4 4. Nxd4 Nf6 5. Nc3 a6 6. Be3 Nbd7 7. f3 e6 8. Qd2 b5 9. O-O-O Qc7 {B80: Sicilian Scheveningen: 6 g3 and 6 Be3, including English Attack} 10. g4 {LiveBook: 5 Games} Nb6 (10... b4 $1 $11 11. Na4 h6) (10... h6 11. h4 b4 12. Na4 d5 13. Rg1 dxe4 14. g5 hxg5 15. hxg5 Nd5 16. g6 N7f6 17. gxf7+ Qxf7 {1-0 (24) Bocharov,I (2563)-Sjugirov,S (2654) Sochi 2018}) 11. Ndxb5 axb5 {White is better.} 12. Nxb5 Qb8 13. Nxd6+ Bxd6 14. Qxd6 Qxd6 15. Rxd6 Nbd7 16. g5 $146 {[%mdl 1024] White has strong compensation.} ({Predecessor:} 16. Kb1 Ke7 {1-0 (38) Borisek,J (2401)-Ahmed,E (2394) Bled 2002}) 16... Ke7 17. Rd2 Ne8 18. Be2 (18. Bb5 $16 {And now Rhd1 would win.} Rxa2 19. Kb1) 18... Nc7 19. Rhd1 ({White should play} 19. Kb1 $14) 19... e5 (19... Rxa2 $11 20. Kb1 Ra8) 20. Kb1 $36 {[%mdl 2048] Keeping Black busy.} Ne6 21. b4 Rb8 22. a3 f6 23. h4 h5 (23... Ndc5 $11 {remains equal.}) 24. gxh6 gxh6 25. Bc4 h5 (25... Ndf8 $16) 26. Rd6 ({White should try} 26. c3 $18) 26... Nd4 $14 27. Bxd4 Kxd6 28. Ba7+ Kc7 {Hoping for ...Ra8.} 29. Bxb8+ Nxb8 30. b5 Bh3 31. Rg1 Nd7 32. Kb2 Ra8 33. Rg3 Nb6 34. Bd5 $2 (34. Kb3 $11 Bd7 35. Rg6) 34... Nxd5 $19 35. exd5 {[%mdl 4096] Endgame KRB-KR} Bf1 36. Rg6 Rf8 37. a4 {[#]} Bc4 $1 38. Rg7+ Kd6 39. Kc3 Bxd5 40. Kb4 $2 (40. b6 {was necessary.} Kc5 41. a5) 40... Rc8 41. Rg6 Ke6 42. b6 Rxc2 43. Kb5 $2 (43. a5 Ra2 44. Rg8) 43... Bc6+ 44. Ka6 Rb2 45. a5 Bxf3 46. Rg7 (46. Rh6 $142 Bd5 47. Ka7) 46... Bd5 47. b7 {[#]} e4 $1 {[%cal Re4e3]} 48. Ka7 {[#]} Rxb7+ $1 {Black mates.} 49. Rxb7 Bxb7 50. Kxb7 e3 51. a6 e2 52. a7 e1=Q 53. a8=N {Precision: White = 33%, Black = 45%.} 0-1

[Event "WYCC 2018 O16"]
[Site "Halkidiki"]
[Date "2018.10.21"]
[Round "2"]
[White "Malataras, Gerasimos"]
[Black "Shubin, Kirill"]
[Result "0-1"]
[WhiteElo "1881"]
[BlackElo "2369"]
[Annotator "TA"]
[PlyCount "78"]
[EventDate "2018.10.20"]
[EventType "swiss"]
[EventCountry "GRE"]
[SourceTitle "playchess.com"]
[Source "ChessBase"]
[SourceQuality "1"]

{[%evp 16,78,-3,-5,-5,4,0,-7,0,-24,-20,-33,-35,-57,0,-13,0,-8,-7,-9,-14,-23,-16,-35,-27,-31,-29,-20,0,0,0,-13,0,0,0,-18,-16,-53,-50,-45,-41,-66,-25,-23,-36,-439,-460,-450,-433,-563,-551,-662,-655,-629,-650,-635,-606,-784,-800,-750,-752,-802,-812,-772,-766]} 1. d4 e6 2. c4 Nf6 3. Nc3 Bb4 4. e3 O-O 5. Nge2 d5 6. a3 Be7 7. cxd5 exd5 8. Nf4 c6 9. Bd3 Na6 {E46: Nimzo-Indian: Rubinstein: 4 e3 0-0 5 Ne2 without early Bd3} 10. O-O Nc7 11. Bd2 Ne6 {The position is equal.} 12. Rc1 $146 ({Predecessor:} 12. Nfe2 a5 13. Rc1 Ne8 14. f3 f5 15. Kh1 Nd6 16. Qc2 Bf6 17. Be1 {0-1 (53) Le,Q (2703)-Karjakin,S (2756) Beijing 2013}) 12... Nxf4 13. exf4 Ne8 {[%cal Bf6e8,Be8d6,Bd6e4][%mdl 32]} 14. Qc2 h6 (14... g6 $1 $15) 15. Ne2 Nd6 16. Ng3 f5 17. Bb4 Ne4 18. Bxe7 Qxe7 19. Rce1 Qf6 20. Ne2 Bd7 21. f3 Nd6 22. Qc3 Rae8 23. Nc1 g5 24. Re5 Nf7 25. Rxe8 Rxe8 26. Bc2 gxf4 27. Nd3 Re3 28. Re1 Nd6 {[#] Hoping for ...Nb5.} (28... Qe7 $5) 29. Rxe3 Nb5 30. Nxf4 $2 {[%mdl 8192]} ({White should try} 30. Qe1 $15 fxe3 31. Ne5) 30... Nxc3 $19 {Black is clearly winning.} 31. bxc3 Qd6 32. Nh5 Qxa3 33. Nf6+ Kf7 34. Nxd7 Qc1+ 35. Kf2 Qxc2+ 36. Kg3 {[#]} f4+ $1 37. Kxf4 Qxg2 {[%csl Gh6][%cal Rg2g5]} 38. Ne5+ Kg7 {[%csl Gh6][%cal Rg2g5]} 39. Ng4 h5 {Precision: White = 46%, Black = 70%.} 0-1

[Event "WYCC 2018 O16"]
[Site "Halkidiki"]
[Date "2018.10.21"]
[Round "3"]
[White "Yakubboev, Nodirbek"]
[Black "Abdisalimov, Abdimalik"]
[Result "0-1"]
[WhiteElo "2522"]
[BlackElo "2368"]
[Annotator "TA"]
[PlyCount "80"]
[EventDate "2018.10.20"]
[EventType "swiss"]
[EventCountry "GRE"]
[SourceTitle "playchess.com"]
[Source "ChessBase"]
[SourceQuality "1"]

{[%evp 23,80,29,52,52,79,77,83,81,90,76,104,111,104,112,105,79,87,72,86,78,67,83,39,-135,-145,-151,-170,-241,-223,-387,-313,-770,-753,-847,-792,-1146,-1111,-1227,-1048,-1072,-1068,-1062,-1052,-1137,-1110,-1293,-1125,-1623,-1616,-1567,-1386,-2145,-1476,-29994,-1545,-29988,-1601,-1490,-1446]} 1. d4 Nf6 2. c4 e6 3. Nc3 c5 4. d5 exd5 5. cxd5 g6 6. e4 d6 7. Nge2 Bg7 8. Ng3 O-O 9. Be2 a6 10. a4 Nbd7 11. O-O Rb8 12. Be3 {A65: Modern Benoni: 6 e4} Re8 {LiveBook: 8 Games} 13. Qd2 (13. Qc2 h5 14. Rfe1 h4 15. Nf1 h3 16. g3 b5 17. axb5 axb5 {½-½ (46) Bocharov,D (2611)-Chigaev,M (2551) Sochi 2016}) 13... b6 14. f3 {White is better.} Ne5 15. h3 Re7 $146 ({Predecessor:} 15... h5 16. Bg5 Qc7 17. f4 Ned7 18. e5 Nh7 19. e6 Bd4+ 20. Kh1 fxe6 21. dxe6 Ndf6 22. f5 Nxg5 23. Qxg5 Qg7 24. Bc4 Bb7 25. fxg6 Bxc3 26. bxc3 Ne4 27. Nxe4 Bxe4 28. e7+ {1-0 (28) Khanukov,B (2370)-Scheipl,R (2223) Naumburg 2002}) 16. Rab1 b5 17. axb5 axb5 18. b4 ({Weaker is} 18. Bxb5 Rxb5 19. Nxb5 Nc4 $17) 18... c4 19. Ra1 h5 20. Ra5 Reb7 21. f4 Ned7 22. Rfa1 h4 23. Nh1 $2 {[#]} (23. Nf1 $14 {was forced to keep a grip.}) 23... Nc5 $1 $17 24. bxc5 {And now c6 would win.} b4 25. Bf3 ({Reject} 25. Bxc4 bxc3 26. Qd3 {[#]} Nxe4 $1 $17 {[%mdl 512]}) (25. Nd1 $142 Nxe4 26. Qc1) 25... bxc3 $19 26. Qc1 $2 {[#]} (26. Qd1 dxc5 27. Ra8) 26... Nxd5 $1 {[%mdl 512]} 27. exd5 $2 (27. c6 Rb1 28. Rxb1 Rxb1 29. Qxb1 Nxe3 30. Ra8) 27... Bf5 28. Kh2 c2 29. R1a4 Rb1 30. Qa3 R1b3 31. Rxc4 Rxa3 32. Rxa3 Bb2 {[%cal Bg7b2,Bb2c1,Bc1e3][%mdl 32]} 33. Raa4 Qe8 34. Be4 {[#]} c1=Q $1 {[%mdl 512]} 35. Bxc1 (35. Rxc1 Qxa4) 35... Bxc1 36. Bxf5 gxf5 37. c6 Be3 {( -> ...Rb1)} 38. c7 Rc8 (38... Rb1 $142 39. Rc1 Rxc1 40. Ng3 Bg1+ 41. Kh1 Bf2+ 42. Nf1 Rxf1+ 43. Kh2 Bg3#) 39. Ra6 Qd7 (39... Qb5 $142 40. Ra8 Rxa8 41. c8=R+ Kg7 42. R8c7 Qb1 43. Rc1 Bxc1 44. Ng3 hxg3+ 45. Kxg3 Qd3+ 46. Kh2 Bxf4+ 47. Kg1 Qe3+ 48. Kf1 Ra1+ 49. Rc1 Rxc1#) 40. Rac6 Bc5 {Precision: White = 31%, Black = 63%.} 0-1

[Event "WYCC 2018 O16"]
[Site "Halkidiki"]
[Date "2018.10.21"]
[Round "3"]
[White "Matviishen, Viktor"]
[Black "Petriashvili, Nikoloz"]
[Result "1/2-1/2"]
[WhiteElo "2476"]
[BlackElo "2343"]
[Annotator "TA"]
[PlyCount "93"]
[EventDate "2018.10.20"]
[EventType "swiss"]
[EventCountry "GRE"]
[SourceTitle "playchess.com"]
[Source "ChessBase"]
[SourceQuality "1"]

{[%evp 21,93,43,46,0,-10,0,0,-25,-14,-11,-17,-45,-50,-70,-66,-74,-43,-37,-43,-31,-23,-35,-37,-38,-34,-55,-58,-60,-30,-39,-24,-44,0,0,0,0,0,0,0,0,0,0,0,0,10,0,0,0,0,0,0,0,0,0,0,0,0,0,0,0,0,0,0,0,0,0,0,0,0,0,0,0,0,0]} 1. d4 d5 2. c4 c6 3. Nc3 Nf6 4. e3 g6 5. Nf3 Bg7 6. Bd3 O-O 7. O-O Bg4 8. h3 Bxf3 9. Qxf3 dxc4 10. Bxc4 Nbd7 11. Rd1 e5 12. dxe5 {D94: Grünfeld: 4 Nf3 Bg7 5 e3} (12. d5 $14) (12. d5 e4 13. Nxe4 Nxe4 14. Qxe4 Nb6 15. Rb1 Qd6 16. Bb3 cxd5 17. Qd3 a5 18. a3 Qe6 19. Bd2 Rfc8 20. Be1 Rc5 21. Ba2 Nc4 22. b4 axb4 23. Bxb4 {1-0 (84) Riazantsev,A (2654)-Li,C (2735) Geneva 2017 CBM 180 [Sumets,A]}) 12... Nxe5 $11 13. Qe2 Qe7 {[#]} 14. e4 $146 ({Predecessor:} 14. Bb3 Nfd7 15. Bc2 Nc5 {½-½ (15) Hess,R (2624)-Khachiyan,M (2478) Los Angeles 2012}) 14... Nxc4 15. Qxc4 Rfe8 {[%cal Rf6e4]} 16. Re1 Rad8 17. Bg5 {[#] Threatens to win with e5.} Qe5 18. Bh4 Rd2 19. Bg3 Qd4 20. Qxd4 Rxd4 21. e5 Nh5 22. Bh2 $1 Nf4 23. Ne2 Nxe2+ 24. Rxe2 Bh6 25. g4 c5 26. Rf1 Bf4 27. Bxf4 {The position is equal.} Rxf4 {[%mdl 4096] Endgame KRR-KRR} 28. Rd1 Re7 29. Kg2 b6 30. Kg3 g5 31. h4 h6 32. Rd5 Kg7 33. hxg5 hxg5 34. e6 f6 35. Rd7 Rxd7 36. exd7 {KR-KR} Rd4 37. Re7+ Kg6 38. Kf3 b5 39. Ke3 {[#] Black must now prevent b4!} a5 40. b3 b4 41. f3 Rd6 42. d8=Q Rxd8 43. Ra7 Rd1 44. Rxa5 Rc1 45. Ke4 c4 46. bxc4 Rxc4+ 47. Kd3 {Precision: White = 49%, Black = 83%.} 1/2-1/2

[Event "WYCC 2018 O16"]
[Site "Halkidiki"]
[Date "2018.10.21"]
[Round "3"]
[White "Horvath, Dominik"]
[Black "Baenziger, Fabian"]
[Result "1/2-1/2"]
[WhiteElo "2447"]
[BlackElo "2355"]
[Annotator "TA"]
[PlyCount "99"]
[EventDate "2018.10.20"]
[EventType "swiss"]
[EventCountry "GRE"]
[SourceTitle "playchess.com"]
[Source "ChessBase"]
[SourceQuality "1"]

{[%evp 17,99,16,11,0,0,0,12,7,37,32,24,19,39,6,27,18,16,0,28,11,24,12,12,0,32,15,37,32,34,33,44,35,60,24,59,37,48,0,0,-15,-4,-5,-9,-25,-25,-31,-31,-45,-7,-22,0,0,0,0,0,0,0,0,0,0,42,37,110,119,110,109,102,0,0,0,5,4,0,0,89,89,89,89,89,89,89,89,89,86]} 1. Nf3 c5 2. c4 Nc6 3. Nc3 g6 4. e3 Nf6 5. d4 cxd4 6. exd4 d5 7. cxd5 Nxd5 8. Qb3 e6 9. Bb5 Bg7 10. Bxc6+ {A35: Symmetrical English: 2 Nc3 Nc6 3 Nf3} (10. Bg5 {with more complications.} Qa5 11. O-O O-O 12. Rfd1 Qb6 13. Na4) 10... bxc6 11. O-O O-O 12. Re1 {The position is equal.} Ba6 {[%cal Bc8a6,Ba6c4,Bc4d5][%mdl 32]} 13. Na4 Nb6 14. Nc5 Bc4 15. Qd1 Bd5 16. Ne5 $1 Qh4 $146 ({Predecessor:} 16... Nc4 17. Bf4 Nxe5 18. Bxe5 {1-0 (40) Maletin,P (2580)-Grabliauskas,V (2322) Mashhad 2016}) 17. b3 Nc8 18. Bb2 Nd6 19. f3 (19. Qe2 {looks sharper.} h5 20. Qf1 a5 21. f3 Nf5 22. g3) 19... Nf5 20. Qd2 (20. Qd3 {is more complex.} h5 21. Qf1 Rfd8 22. g3 Qe7 23. Qf2) 20... Rad8 21. Qf2 Qe7 22. Rac1 h5 23. Rc2 Rfe8 24. Bc3 Nd6 25. Qe2 Nb5 26. Bb2 a5 27. a4 Nd6 28. Qa6 Ra8 29. Qd3 Rab8 30. Rb1 Nf5 31. Re2 Qa7 32. Bc3 h4 33. Be1 Bxe5 34. Rxe5 f6 35. Re2 e5 36. Bf2 $1 exd4 37. Rxe8+ Rxe8 38. Bxd4 Qe7 39. Bf2 Kg7 {[#]} (39... h3 $14) 40. b4 $1 $16 {[%cal Rb4a5]} axb4 41. Rxb4 Qe2 42. Qxe2 (42. a5 $16) 42... Rxe2 $11 43. a5 {And now Ra4 would win.} Rc2 {aiming for ...Rc1+.} 44. Rb1 {Hoping for Ra1.} Ra2 45. a6 Bc4 (45... Kh6 $11 {remains equal.}) 46. a7 $1 $16 {White is better.} Rxa7 {[#]} 47. Ne6+ $1 {[%mdl 512]} Bxe6 48. Bxa7 Bd5 49. Kf2 g5 50. Bc5 {Precision: White = 44%, Black = 50%.} 1/2-1/2

[Event "WYCC 2018 O16"]
[Site "Halkidiki"]
[Date "2018.10.21"]
[Round "3"]
[White "Engel, Luis"]
[Black "Peng, Hongchi"]
[Result "1/2-1/2"]
[WhiteElo "2441"]
[BlackElo "2273"]
[Annotator "TA"]
[PlyCount "100"]
[EventDate "2018.10.20"]
[EventType "swiss"]
[EventCountry "GRE"]
[SourceTitle "playchess.com"]
[Source "ChessBase"]
[SourceQuality "1"]

{[%evp 23,100,0,0,0,0,0,0,0,0,0,0,0,17,0,0,0,17,33,16,0,0,0,14,0,0,0,34,5,46,0,38,36,106,0,26,30,20,0,0,0,0,0,49,60,128,95,225,233,222,239,233,227,225,0,85,0,0,-18,-18,-18,-18,-18,0,0,0,0,0,0,0,0,0,0,0,0,0,0,0,0,0]} 1. e4 c5 2. Nf3 d6 3. d4 cxd4 4. Nxd4 Nf6 5. Nc3 a6 6. Be3 e5 7. Nb3 Be6 8. Qd2 Be7 9. f3 O-O 10. O-O-O Nbd7 11. g4 b5 12. g5 b4 13. gxf6 {B90: Sicilian Najdorf: Unusual White 6th moves, 6 Be3 Ng4 and 6 Be3 e5} (13. Na4 Nh5 14. Qxb4 Bxg5 15. Bxg5 Qxg5+ 16. Kb1 Qf6 17. Qxd6 Qxf3 18. Rg1 Qe3 19. Bxa6 Nhf6 20. Rge1 Qa7 {1-0 (43) Yu,Y (2760)-Duda,J (2724) Liaocheng 2018}) 13... bxc3 14. Qxc3 Nxf6 15. Na5 Rc8 16. Nc6 Qc7 17. Nxe7+ Qxe7 18. Qa5 Rc6 19. Kb1 Rb8 20. b3 Nh5 21. Be2 $146 Nf4 22. Bxf4 exf4 23. Rd2 h6 24. Rhd1 Qh4 25. Qa4 Rcb6 26. Qd4 a5 27. Rg1 {[%csl Gg1][%cal Rd4g7]} g6 (27... g5 $14) 28. a4 ({White must play} 28. Bc4 $1 $16 {[%cal Rc4e6] Black must now prevent Bxe6.} Rb4 29. Rxg6+ fxg6 30. Bxe6+ Kh7 31. Qxd6) 28... Qh5 (28... Bxb3 $5 29. cxb3 Rxb3+ 30. Kc2 g5 $16) 29. Bb5 Qxf3 30. Rdg2 $40 {[%mdl 128] White threatens Rxg6+! and mate. White is up to no good.} Kh7 31. Rf2 Qh5 32. Rxf4 Qxh2 33. Rgf1 $1 R8b7 (33... R6b7 $1 $14) 34. Bc4 $1 $16 {[%cal Rc4e6]} Rb4 (34... Qh3 $16) 35. Qxd6 $18 Qh3 36. R4f3 $1 {[%cal Rf3h3]} Qg4 {[#]} 37. Bd5 $1 Rd4 38. Rf4 $2 ({Not} 38. Bxe6 $2 Qxf3 39. Rxf3 Rxd6 $19) (38. Qc5 $18 Rd1+ 39. Rxd1 Qxf3 40. Rd2 Bxd5 41. exd5) 38... Qe2 {[#]} (38... Qg5 $11) 39. Qc5 (39. Qc6 $1 $16 {[%cal Rc6b7]} Rd1+ 40. Rxd1 Qxd1+ 41. Ka2 Bxd5 42. exd5) 39... Qe3 $1 $11 {The position is equal.} 40. Bxb7 Rd1+ $1 41. Rxd1 Qxc5 42. Bd5 $1 {[%cal Rd5e6] And now Bxe6 would win.} g5 {[%cal Bg6g5,Bg5g4,Bg4g3][%mdl 32]} 43. Rf6 Kg7 44. Rdf1 $1 g4 45. Bxe6 fxe6 {KQ-KRR} 46. Rf7+ $1 ({Don't blunder} 46. Rxe6 $2 g3 $19) 46... Kg8 47. Rb7 {aiming for Rff7.} g3 $1 {[%cal Rg3g2]} 48. Rff7 {Hoping for Rg7+.} Qg1+ $1 49. Ka2 {White wants to mate with Rg7+.} Qc5 $1 {[%cal Rc5c2]} 50. Rg7+ Kh8 $1 {Precision: White = 67%, Black = 51%.} 1/2-1/2

[Event "WYCC 2018 O16"]
[Site "Halkidiki"]
[Date "2018.10.21"]
[Round "3"]
[White "Vlachos, Anatole"]
[Black "Olsen, Filip Boe"]
[Result "0-1"]
[WhiteElo "2435"]
[BlackElo "2335"]
[Annotator "NA"]
[PlyCount "82"]
[EventDate "2018.10.20"]
[EventType "swiss"]
[EventCountry "GRE"]
[SourceTitle "playchess.com"]
[Source "ChessBase"]
[SourceQuality "1"]
[TimeControl "40/5400+30:1800+30"]

1. d4 {[%emt 0:00:00]} d5 {[%emt 0:00:00]} 2. Bf4 {[%emt 0:00:00]} c5 {[%emt 0:00:23]} 3. e3 {[%emt 0:00:00]} Nc6 {[%emt 0:00:26]} 4. c3 {[%emt 0:00:05]} Nf6 {[%emt 0:00:19]} 5. Nd2 {[%emt 0:00:07] D00: 1 d4 d5: Unusual lines} cxd4 {[%emt 0:00:41]} (5... Bf5 6. Ngf3 e6 7. Nh4 Be4 8. Nhf3 Bf5 9. Nh4 Be4 10. Qb3 Qc8 11. Nhf3 Bf5 12. Be2 Be7 13. O-O O-O 14. h3 h6 15. Rfe1 c4 16. Qd1 b5 {1-0 (66) Grachev,B (2626)-Najer,E (2663) Moscow 2018}) 6. exd4 {[%emt 0:00:11]} Bf5 {[%emt 0:00:48]} 7. Qb3 {[%emt 0:00:12]} Qc8 {[%emt 0:01:06]} 8. Ngf3 {[%emt 0:00:23]} e6 {[%emt 0:00:17]} 9. Nh4 {[%emt 0:07:04]} Be4 {[%emt 0:03:33]} 10. f3 {[%emt 0:04:59]} Bg6 {[%emt 0:00:13]} 11. g4 $146 {[%emt 0:01:18]} ({Predecessor:} 11. Nxg6 hxg6 12. g4 a6 {1-0 (34) Kaboodi,B (2062)-Daneshvar,B (2140) Teheran 2017}) 11... Be7 {[%emt 0:02:24]} 12. Nxg6 {[%emt 0:00:32]} hxg6 {[%emt 0:00:17]} 13. Bd3 {[%emt 0:00:22]} a6 {[%emt 0:07:54]} 14. Kf1 {[%emt 0:08:11]} Qd7 {[%emt 0:02:49]} 15. Kg2 {[%emt 0:03:10]} b5 {[%emt 0:08:41]} 16. a4 {[%emt 0:07:46]} b4 {[%emt 0:00:37]} 17. cxb4 {[%emt 0:03:24]} Nxb4 {[%emt 0:02:28]} 18. Rac1 {[%emt 0:03:18]} (18. Rhc1 $11) 18... Bd6 {[%emt 0:04:11]} 19. Bxd6 {[%emt 0:01:49]} Qxd6 {[%emt 0:00:14]} 20. Rc5 {[%emt 0:02:01] [#]} Rb8 $1 {[%emt 0:03:45]} 21. Bb5+ {[%emt 0:00:52]} axb5 $17 {[%emt 0:00:17]} 22. Qxb4 {[%emt 0:00:07]} Nd7 {[%emt 0:08:20]} 23. axb5 {[%emt 0:08:09]} Nxc5 {[%emt 0:03:34]} 24. dxc5 {[%emt 0:00:07]} Qe5 {[%emt 0:00:40]} 25. b6 {[%emt 0:05:09]} Qe2+ {[%emt 0:01:08]} 26. Kg3 {[%emt 0:01:15]} g5 {[%emt 0:06:23]} 27. Qd4 {[%emt 0:13:07]} e5 {[%emt 0:06:34]} 28. Qxd5 {[%emt 0:02:34]} Rd8 {[%emt 0:00:45]} 29. Qc6+ {[%emt 0:01:06]} Ke7 {[%emt 0:01:10]} 30. Nb1 {[%emt 0:05:43]} Rd3 {[%emt 0:05:52]} 31. Qc7+ {[%emt 0:03:07]} Rd7 {[%emt 0:00:37]} 32. Qc6 {[%emt 0:00:05]} Rh6 {[%emt 0:02:03]} 33. Qa8 {[%emt 0:02:56]} f5 {[%emt 0:02:51]} 34. gxf5 {[%emt 0:00:53]} g4 {[%emt 0:00:33]} 35. h4 gxf3 {[%emt 0:01:33]} 36. Rh2 {[%emt 0:04:47]} Qe1+ {[%emt 0:00:56]} 37. Rf2 {[%emt 0:00:07]} e4 {[%emt 0:02:55]} 38. Qg8 {[%emt 0:02:33]} Qg1+ {[%emt 0:01:19]} 39. Kh3 {[%emt 0:00:08]} Rd8 {[%emt 0:02:04]} 40. f6+ {[%emt 0:00:00]} Rxf6 {[%emt 0:00:00]} 41. Qh7 {[%emt 0:01:22]} Rg6 {[%emt 0:00:47]} 0-1

[Event "WYCC 2018 O16"]
[Site "Halkidiki"]
[Date "2018.10.21"]
[Round "3"]
[White "Zarubitski, Viachaslau"]
[Black "Quirhuayo Chumbe, German Gonzalo"]
[Result "1-0"]
[WhiteElo "2417"]
[BlackElo "2220"]
[Annotator "TA"]
[PlyCount "53"]
[EventDate "2018.10.20"]
[EventType "swiss"]
[EventCountry "GRE"]
[SourceTitle "playchess.com"]
[Source "ChessBase"]
[SourceQuality "1"]

{[%evp 10,53,0,0,24,24,29,22,20,18,22,22,56,20,13,17,99,93,61,70,90,29,4,3,16,4,59,48,85,64,64,45,37,0,0,0,54,57,89,24,72,51,375,387,29996,29997]} 1. d4 Nf6 2. Nf3 e6 3. Bf4 c5 4. c3 d5 5. e3 Bd6 6. Nbd2 {[%cal Bb1d2,Bd2e4,Be4g5,Bg5f3][%mdl 32] LiveBook: 3 Games. D02: 1 d4 d5 2 Nf3 sidelines, including 2...Nf6 3 g3 and 2...Nf6 3 Bf4} (6. Bg3 Nc6 7. Nbd2 O-O 8. Bb5 Ne7 9. dxc5 Bxc5 10. Bd3 b6 11. O-O Bb7 12. Qc2 Ng6 13. Rad1 Nh5 14. c4 Nxg3 15. hxg3 Rc8 {½-½ (25) Kramnik,V (2801)-Nakamura,H (2787) Zuerich 2016}) 6... Qc7 7. Bxd6 Qxd6 8. Ne5 {White has an edge.} O-O $146 ({Predecessor:} 8... Nbd7 9. Ndf3 Qb6 10. Qb3 c4 11. Qc2 Nxe5 12. Nxe5 {½-½ (56) Mikova,M (1385)-Sevcikova,L (1758) Ruzomberok 2018}) 9. Bd3 b6 10. f4 Nfd7 11. Ne4 Qe7 {aiming for ...Nxe5.} 12. Ng5 f5 (12... h6 $11 {keeps the balance.} 13. Ngf3 Bb7) 13. Qh5 $16 {[%csl Gg5][%cal Rh5h7]} h6 14. Ngf3 ({Weaker is} 14. Ng6 Qe8 $17) 14... Nxe5 15. fxe5 (15. Nxe5 $16 Nd7 16. g4) 15... Ba6 16. Bc2 Qe8 17. Qh3 Qf7 (17... Qg6 $11) 18. Rg1 Nc6 19. g4 fxg4 20. Qxg4 Ne7 21. Rg2 cxd4 $1 {Strongly threatening ...d3.} 22. exd4 $40 {[%mdl 128] White has some attack.} Kh8 (22... g5 $11 23. Qh3 Bf1 24. Kxf1 Qxf3+ 25. Qxf3 Rxf3+ 26. Ke2 Rh3) 23. Rd1 $14 g6 {[#]} 24. Qh3 (24. Rg3 $1 $16) 24... Qf4 {[#] ( -> ...Qe3+)} 25. Kf2 $1 {Hoping for Rg4.} h5 $2 {[%mdl 8192]} ({Better is} 25... Kg7 $14) 26. Bxg6 $18 Nxg6 $2 (26... Qh6 $18 27. Qxh5 Rxf3+ 28. Kxf3 Rf8+ 29. Kg3 Qxh5 30. Bxh5 Nf5+ 31. Kh3 Ne3) 27. Qxh5+ {Precision: White = 59%, Black = 24%.} 1-0

[Event "WYCC 2018 O16"]
[Site "Halkidiki"]
[Date "2018.10.21"]
[Round "3"]
[White "Vestby-Ellingsen, Mads"]
[Black "Katopodis, Dimitrios"]
[Result "1/2-1/2"]
[WhiteElo "2410"]
[BlackElo "2310"]
[Annotator "TA"]
[PlyCount "54"]
[EventDate "2018.10.20"]
[EventType "swiss"]
[EventCountry "GRE"]
[SourceTitle "playchess.com"]
[Source "ChessBase"]
[SourceQuality "1"]

{[%evp 20,54,0,0,18,-11,-15,-14,-27,-35,-39,-45,-49,-59,-42,-46,-34,-56,-34,-60,-53,-56,-53,-60,-64,-62,-56,-50,-36,-51,-43,-60,0,-43,0,-58,0]} 1. d4 d5 2. c4 e6 3. Nc3 Nf6 4. Nf3 c6 5. e3 Nbd7 6. b3 Bd6 7. Be2 O-O 8. O-O b6 9. Bb2 Bb7 10. Bd3 c5 11. cxd5 {LiveBook: 30 Games. E14: Queen's Indian: Classical Variation (4 e3)} Nxd5 (11... exd5 12. Qc2 Rc8 13. Bf5 g6 14. Bh3 Qe7 15. Rad1 a6 16. dxc5 bxc5 17. Qd3 Rcd8 18. Ne2 Ne4 19. Ng3 Ne5 20. Nxe5 Bxe5 21. Bxe5 Qxe5 22. Nxe4 Qxe4 23. Qxe4 dxe4 {1-0 (46) Wojtaszek,R (2705)-Gajewski,G (2616) Warsaw 2011}) 12. Qe2 Nxc3 13. Bxc3 {The position is equal.} cxd4 14. exd4 $146 ({Predecessor:} 14. Nxd4 Qh4 15. f4 Nc5 16. Bc4 Rad8 17. Rad1 Ne4 18. Be1 {0-1 (30) Holm Pedersen,S (2395)-Hort,V (2595) Hamburg (Ruderclub Favorite) 1980}) 14... Nf6 15. Bd2 Be7 16. Rfd1 Qd5 17. Rac1 Rac8 18. Rc4 Rfd8 19. Rdc1 Rxc4 20. bxc4 Qh5 {Strongly threatening ...Bxf3.} 21. Be3 Ng4 {[#] Threatens to win with ...Bxf3.} 22. h3 Nxe3 23. fxe3 Bd6 24. Nd2 Qh4 25. Nf3 Qh5 26. Nd2 Qh4 27. Nf3 $1 {[%cal Rf3h4]} Qh5 {Precision: White = 45%, Black = 49%.} (27... Qe7 $15) 1/2-1/2